Effective presentation: (Record no. 3023)
[ view plain ]
| 000 -LEADER | |
|---|---|
| fixed length control field | 00822nam a22001577a 4500 |
| 008 - FIXED-LENGTH DATA ELEMENTS--GENERAL INFORMATION | |
| fixed length control field | 140619b xxu||||| |||| 00| 0 eng d |
| 020 ## - INTERNATIONAL STANDARD BOOK NUMBER | |
| International Standard Book Number | 8183821677 |
| 050 ## - LIBRARY OF CONGRESS CALL NUMBER | |
| Classification number | HF5718.22 |
| Item number | .K38 |
| 100 ## - MAIN ENTRY--PERSONAL NAME | |
| Personal name | Kaushik, Kiran. |
| 245 ## - TITLE STATEMENT | |
| Title | Effective presentation: |
| Remainder of title | how to create and deliver a winning presentation/ |
| Statement of responsibility, etc. | Kiran Kaushik. |
| 260 ## - PUBLICATION, DISTRIBUTION, ETC. | |
| Place of publication, distribution, etc. | New Delhi: |
| Name of publisher, distributor, etc. | Lotus press, |
| Date of publication, distribution, etc. | 2009. |
| 300 ## - PHYSICAL DESCRIPTION | |
| Extent | 202p.: |
| Other physical details | ill, |
| Dimensions | 22cm |
| 500 ## - GENERAL NOTE | |
| General note | Includes index. |
| 505 ## - FORMATTED CONTENTS NOTE | |
| Formatted contents note | Contents: How to make an effective presentation -- Planning for a better presentation -- Preparing your content -- Developing an effective oral presentation -- How to do a visual presentation -- Tips for effective slide presentations -- Creating effective powerpoint presentation -- Do's and don'ts of poster presentation -- How to deliver a good presentation. |
| 942 ## - ADDED ENTRY ELEMENTS (KOHA) | |
| Source of classification or shelving scheme | Library of Congress Classification |
| Koha item type | Books |
| Withdrawn status | Lost status | Source of classification or shelving scheme | Damaged status | Not for loan | Home library | Current library | Shelving location | Date acquired | Total Checkouts | Full call number | Barcode | Date last seen | Copy number | Price effective from | Koha item type |
|---|---|---|---|---|---|---|---|---|---|---|---|---|---|---|---|
| Library of Congress Classification | WISCONSIN INTERNATIONAL UNIVERSITY COLLEGE, GHANA - MAIN LIBRARY | WISCONSIN INTERNATIONAL UNIVERSITY COLLEGE, GHANA - MAIN LIBRARY | General Stacks | 19/06/2014 | HF5718.22 .K38 | 7730/157/14 | 19/06/2014 | 1 | 19/06/2014 | Books | |||||
| Library of Congress Classification | WISCONSIN INTERNATIONAL UNIVERSITY COLLEGE, GHANA - MAIN LIBRARY | WISCONSIN INTERNATIONAL UNIVERSITY COLLEGE, GHANA - MAIN LIBRARY | General Stacks | 19/06/2014 | HF5718.22 .K381 | 7731/158/14 | 19/06/2014 | 2 | 19/06/2014 | Books |
